Business information systems: technology, development and management for the e-business.-- 3rd ed. (Record no. 77903)
[ view plain ]
| 000 -LEADER | |
|---|---|
| fixed length control field | 01133nam a2200253 a 4500 |
| 008 - FIXED-LENGTH DATA ELEMENTS--GENERAL INFORMATION | |
| fixed length control field | 080925s2006 ||||||||||||||||| || u |
| 020 ## - INTERNATIONAL STANDARD BOOK NUMBER | |
| International Standard Book Number | 0273688146 |
| 050 ## - LIBRARY OF CONGRESS CALL NUMBER | |
| Classification number | HF 5548.2 Boc |
| 100 ## - MAIN ENTRY--PERSONAL NAME | |
| Personal name | Greasley Andrew |
| 245 10 - TITLE STATEMENT | |
| Title | Business information systems: technology, development and management for the e-business.-- 3rd ed. |
| Statement of responsibility, etc. | Paul Bocij; Dave Chaffey; Andrew Greasley; Simon Hichie |
| 250 ## - EDITION STATEMENT | |
| Edition statement | 3rd Ed. |
| 260 ## - PUBLICATION, DISTRIBUTION, ETC. | |
| Place of publication, distribution, etc. | Harlow, England |
| Name of publisher, distributor, etc. | FT Prentice-Hall |
| Date of publication, distribution, etc. | 2006 |
| 300 ## - PHYSICAL DESCRIPTION | |
| Extent | xxviii, 827p.: ill |
| 350 ## - | |
| -- | 260000.00 |
| 650 ## - SUBJECT ADDED ENTRY--TOPICAL TERM | |
| Topical term or geographic name entry element | BUSINESS INFORMATION SERVICES |
| 650 ## - SUBJECT ADDED ENTRY--TOPICAL TERM | |
| Topical term or geographic name entry element | BUSINESS--COMPUTER NETWORK RESOURCESS |
| 650 ## - SUBJECT ADDED ENTRY--TOPICAL TERM | |
| Topical term or geographic name entry element | INFORMATION |
| 650 ## - SUBJECT ADDED ENTRY--TOPICAL TERM | |
| Topical term or geographic name entry element | ELECTRONIC COMMERCE--EAST AFRICAN COMMUNITY |
| 700 ## - ADDED ENTRY--PERSONAL NAME | |
| Personal name | Chaffey, Dave |
| 700 ## - ADDED ENTRY--PERSONAL NAME | |
| Personal name | Boci, Paul |
| 700 ## - ADDED ENTRY--PERSONAL NAME | |
| Personal name | Hickie, Simon |
| 995 ## - | |
| -- | BINDERY (DAMAGED) |
| -- | 260000.00 |
| -- | 738275 |
| -- | CBU-MAIN LIBRARY (Kitwe) |
| -- | 1 |
| -- | 0.00 |
| -- | HF 5548.2 Boc |
| -- | 1 |
| -- | DAMAGED |
| -- | Sep 25, 2008 |
| -- | 738275 |
| -- | Main Library Open Access Collection |
| 995 ## - | |
| -- | BINDERY (DAMAGED) |
| -- | 260000.00 |
| -- | 738276 |
| -- | CBU-MAIN LIBRARY (Kitwe) |
| -- | 1 |
| -- | 0.00 |
| -- | HF 5548.2 Boc |
| -- | 2 |
| -- | DAMAGED |
| -- | Sep 25, 2008 |
| -- | 738276 |
| -- | Main Library Open Access Collection |
| 999 ## - | |
| -- | 77903 |
| -- | 77903 |
| Withdrawn status | Lost status | Source of classification or shelving scheme | Damaged status | Not for loan | Permanent Location | Current Location | Shelving location | Date acquired | Total Checkouts | Full call number | Barcode | Date last seen | Price effective from | Koha item type |
|---|---|---|---|---|---|---|---|---|---|---|---|---|---|---|
| CBU-MAIN LIBRARY, KITWE. | CBU-MAIN LIBRARY, KITWE. | 05/03/2023 | HF 5548.2 Boc | 738275 | 05/03/2023 | 05/03/2023 | MONOGRAPH | |||||||
| CBU-MAIN LIBRARY, KITWE. | CBU-MAIN LIBRARY, KITWE. | 05/03/2023 | HF 5548.2 Boc | 738276 | 05/03/2023 | 05/03/2023 | MONOGRAPH |